| 000 | 00703cam a22002294a 4500 | ||
|---|---|---|---|
| 999 |
_c298 _d298 |
||
| 001 | 17035 | ||
| 003 | BD-DhUAP | ||
| 005 | 20200120150522.0 | ||
| 008 | 200120t20092007ii a b 001 0 eng | ||
| 020 | _a9788131706978 | ||
| 040 |
_aDLC _cDLC _dBD-DhUAP _bEng |
||
| 082 | 0 | 0 |
_223 _a004.165 KAM |
| 100 | 1 | _a Kamal, Raj. | |
| 245 | 1 | 4 |
_aMicrocontrollers : _barchitecture, programming, interfacing and system design / _cRaj Kamal. |
| 260 |
_aIndia : _bPearsons, _cc2007 [Reprinted 2009]. |
||
| 300 |
_axvi, 624 pages : _billustrations ; _c24 cm. |
||
| 500 | _aIncludes index. | ||
| 650 | 0 | _aProgrammable controllers. | |
| 650 | 0 | _aMicrocontrollers. | |
| 650 | 0 | _aDigital control systems. | |
| 942 |
_2ddc _cBK |
||